书目信息 |
| 题名: |
大树移值法
|
|
| 作者: | ;南京市园林局 , 南京市园林科研所 编 | |
| 分册: | ||
| 出版信息: | 北京 中国建筑工业出版社 2005.1 |
|
| 页数: | 96页 | |
| 开本: | 24cm | |
| 丛书名: | ||
| 单 册: | ||
| 中图分类: | S725 | |
| 科图分类: | ||
| 主题词: | 木本植物--mu ben zhi wu--移植 , 木本植物--mu ben zhi wu , 移植--yi zhi | |
| 电子资源: | ||
| ISBN: | 7-112-06991-2 | |
| 000 | 01170nam0 2200325 450 | |
| 000 | 01190nam0 2200325 450 | |
| 000 | 01153nam0 2200313 450 | |
| 000 | 01136nam0 2200313 450 | |
| 000 | 01099nam0 2200301 45 | |
| 001 | 012005000000 | |
| 005 | 20050425101010.0 | |
| 010 | @a7-112-06991-2@d15.00CNY | |
| 100 | @a20050425d2005 em y0chiy0121 ea | |
| 101 | 0 | @achi |
| 102 | @aCN@b110000 | |
| 105 | @af z 000yy | |
| 200 | 1 | @a大树移值法@Ada shu yi zhi fa@f南京市园林局,南京市园林科研所编 |
| 210 | @a北京@c中国建筑工业出版社@d2005.1 | |
| 215 | @a96页@c图@d24cm | |
| 320 | @a有书目(第96页) | |
| 330 | @a本书从大树移植的基本原理和所应遵循的原则入手,分别就大树移植前的准备、大树起挖、运输、栽植的关键技术与实施方法、大树栽后养护管理的综合配套措施等方面提出了技术要点及实施步骤。 | |
| 333 | @a阅读对象:园林规划设计者、施工人员等 | |
| 606 | 0 | @a木本植物@Amu ben zhi wu@x移植 |
| 606 | 0 | @a木本植物@Amu ben zhi wu |
| 606 | 0 | @a移植@Ayi zhi |
| 690 | @aS725@v4 | |
| 711 | 02 | @a南京市园林局@Anan jing shi yuan lin ju@4编 |
| 711 | 02 | @a南京市园林科研所@Anan jing shi yuan lin ke yan suo@4编 |
| 801 | 0 | @aCN@bSRXX@c20050425 |
| 905 | @a10447@dS725@eN177 | |
| 大树移值法/南京市园林局,南京市园林科研所编.-北京:中国建筑工业出版社,2005.1 |
| 96页:图;24cm |
| 使用对象:阅读对象:园林规划设计者、施工人员等 |
| ISBN 7-112-06991-2:15.00CNY |
| 本书从大树移植的基本原理和所应遵循的原则入手,分别就大树移植前的准备、大树起挖、运输、栽植的关键技术与实施方法、大树栽后养护管理的综合配套措施等方面提出了技术要点及实施步骤。 |
| ● |
| 相关链接 |
|
|
|
正题名:大树移值法
索取号:S725/N177
 
预约/预借
| 序号 | 登录号 | 条形码 | 馆藏地/架位号 | 状态 | 备注 |
| 1 | 540316 | 205403160 | 自科库401/401自科库 68排7列5层/ [索取号:S725/N177] | 在馆 | |
| 2 | 540317 | 205403179 | 自科库401/401自科库 68排7列5层/ [索取号:S725/N177] | 在馆 | |
| 3 | 540318 | 205403188 | 自科库401/401自科库 68排7列5层/ [索取号:S725/N177] | 在馆 |